[Event "WchT Seniors 65"]
[Site "Krakow"]
[Date "2024.07.02"]
[Round "1.2"]
[White "Wood, Peter R"]
[Black "Baum, Bernd"]
[Result "0-1"]
[WhiteElo "1948"]
[BlackElo "2191"]
[PlyCount "132"]
[EventDate "2024.07.02"]
[EventType "team-swiss"]
[EventRounds "9"]
[EventCountry "POL"]
[SourceTitle "CBM 221 Extra"]
[Source "ChessBase"]
[SourceDate "2024.09.30"]
[SourceVersion "1"]
[SourceVersionDate "2024.09.30"]
[SourceQuality "1"]
[WhiteTeam "England 65 IV"]
[BlackTeam "Germany Mittel 65"]
[WhiteTeamCountry "ENG"]
[BlackTeamCountry "GER"]

1. e4 c5 2. Nc3 Nc6 3. g3 g6 4. Bg2 Bg7 5. d3 d6 6. f4 e6 7. Nf3 Nge7 8. 0-0 0-0 9. Be3 Nd4 10. Bf2 Rb8 11. e5 Nxf3+ 12. Qxf3 b6 13. Qe2 Bb7 14. g4 Bxg2 15. Kxg2 dxe5 16. fxe5 Nc6 17. Bg3 Qe7 18. Rae1 Rbd8 19. h3 Nd4 20. Qd2 c4 21. Ne4 cxd3 22. cxd3 Rc8 23. Rc1 Qb7 24. Qf2 Rxc1 25. Rxc1 Qd5 26. Rc4 Nc6 27. Kh2 Nxe5 28. Rc7 f5 29. Nc3 Qxd3 30. Rxg7+ Kxg7 31. Bxe5+ Kg8 32. g5 Rd8 33. Ne2 Qe4 34. Bc3 Rd3 35. Ng3 Qe3 36. Qg2 Qf3 37. Qxf3 Rxf3 38. Kg2 Rd3 39. Ne2 e5 40. Nc1 Rd5 41. Kf2 Kf7 42. Ke3 Rd1 43. Nd3 e4 44. Ne1 Rd7 45. h4 Ke6 46. Kf4 Kd5 47. Ke3 Kc4 48. Kf4 b5 49. a3 Kb3 50. Ke3 a5 51. Bxa5 Kxb2 52. Bb4 Kc1 53. Bc3 Kd1 54. Bb4 Rc7 55. Ba5 Rc4 56. Ng2 Rc2 57. Nf4 Rh2 58. Nd5 Rh3+ 59. Kd4 Rxa3 60. Bb4 Rd3+ 61. Ke5 Rh3 62. Nc3+ Kc2 63. Nxb5 Rxh4 64. Nd4+ Kd1 65. Bc5 e3 66. Nf3 Re4+ 0-1

[Event "Oberliga Ost-B 2324"]
[Site "Germany"]
[Date "2024.04.13"]
[Round "10.4"]
[White "Baum, Bernd"]
[Black "Zude, Arno"]
[Result "1/2-1/2"]
[WhiteElo "2197"]
[BlackElo "2337"]
[PlyCount "140"]
[EventDate "2023.10.22"]
[EventType "team-tourn"]
[EventRounds "11"]
[EventCountry "GER"]
[SourceTitle "EXT 2025"]
[Source "ChessBase"]
[SourceDate "2024.10.14"]
[SourceVersion "1"]
[SourceVersionDate "2024.10.14"]
[SourceQuality "1"]
[WhiteTeam "Marburg"]
[BlackTeam "Hofheim II"]
[WhiteTeamCountry "GER"]
[BlackTeamCountry "GER"]

1. g3 d5 2. Nf3 Nf6 3. Bg2 e6 4. c4 dxc4 5. Qa4+ Bd7 6. Qxc4 c5 7. Ne5 Qc8 8. 0-0 Nc6 9. Nxd7 Qxd7 10. d3 Rc8 11. Nc3 Be7 12. Qa4 0-0 13. Rd1 Rfd8 14. Bg5 b6 15. Rac1 h6 16. Bd2 Ne8 17. a3 Nd4 18. Qxd7 Rxd7 19. Rb1 Nb3 20. Be3 Nd6 21. g4 Bf6 22. Bf4 Nb7 23. Kf1 N7a5 24. Ne4 Be7 25. e3 Rcd8 26. Ke2 f6 27. Nc3 Kf7 28. Bg3 g6 29. Be4 f5 30. gxf5 exf5 31. Bf3 Bf6 32. Bg2 Kg7 33. h3 Kh7 34. Bh2 Bg7 35. Bg3 a6 36. a4 g5 37. Bh2 Kh8 38. Bf3 c4 39. d4 f4 40. Kf1 Rf8 41. Bg4 Rdd8 42. exf4 Bxd4 43. Ne2 Bg7 44. Kg2 Rd3 45. fxg5 hxg5 46. h4 Nd2 47. Rbc1 Ne4 48. f3 Nf6 49. Bf5 Rd5 50. Be6 Rxd1 51. Rxd1 Re8 52. Nd4 gxh4 53. Bc7 Nh5 54. Bf5 Bf6 55. Bxb6 Nf4+ 56. Kh1 Nb3 57. Nxb3 cxb3 58. Bd4 Kg7 59. Be4 a5 60. Rg1+ Kf7 61. Bxf6 Kxf6 62. Rg4 Ke5 63. Rg5+ Kd4 64. Rxa5 Rc8 65. Ra7 Rc1+ 66. Kh2 Re1 67. Bh7 Re2+ 68. Kh1 Re1+ 69. Kh2 Re2+ 70. Kh1 Re1+ 1/2-1/2

[Event "Bad Woerishofen Seniors op 39th"]
[Site "Bad Woerishofen"]
[Date "2024.03.15"]
[Round "8"]
[White "Scharrer, Udo"]
[Black "Baum, Bernd"]
[Result "1/2-1/2"]
[WhiteElo "1986"]
[BlackElo "2201"]
[PlyCount "47"]
[EventDate "2024.03.08"]
[EventType "swiss"]
[EventRounds "9"]
[EventCountry "GER"]
[SourceTitle "CBM 219 Extra"]
[Source "ChessBase"]
[SourceDate "2024.05.31"]
[SourceVersion "1"]
[SourceVersionDate "2024.05.31"]
[SourceQuality "1"]

1. d4 e6 2. c4 d5 3. Nc3 a6 4. cxd5 exd5 5. Bf4 Nf6 6. e3 Bd6 7. Bxd6 Qxd6 8. Bd3 0-0 9. Qc2 Nc6 10. a3 Re8 11. Nge2 Ne7 12. h3 Ng6 13. 0-0 b6 14. b4 Bb7 15. Rac1 Re7 16. Ng3 Nh4 17. Nf5 Nxf5 18. Bxf5 Ne4 19. Bg4 Rf8 20. Nxe4 dxe4 21. f4 exf3 22. Bxf3 Bxf3 23. Rxf3 Rfe8 24. Qd3 1/2-1/2

[Event "Oberliga Ost-B 2223"]
[Site "Germany"]
[Date "2023.02.05"]
[Round "7.2"]
[White "Baum, Bernd"]
[Black "Geske, Julian"]
[Result "1/2-1/2"]
[WhiteElo "2279"]
[BlackElo "2390"]
[PlyCount "72"]
[EventDate "2022.09.18"]
[EventType "team-tourn"]
[EventRounds "11"]
[EventCountry "GER"]
[SourceTitle "EXT 2025"]
[Source "ChessBase"]
[SourceDate "2024.10.14"]
[SourceVersion "1"]
[SourceVersionDate "2024.10.14"]
[SourceQuality "1"]
[WhiteTeam "Marburg"]
[BlackTeam "Wiesbaden"]
[WhiteTeamCountry "GER"]
[BlackTeamCountry "GER"]

1. Nf3 d5 2. g3 Nf6 3. Bg2 c6 4. 0-0 Bf5 5. b3 e6 6. Bb2 Be7 7. d3 h6 8. Nbd2 0-0 9. c4 Nbd7 10. Qc2 Bh7 11. Rac1 Qb8 12. Qb1 e5 13. cxd5 cxd5 14. e4 d4 15. a4 b5 16. Nh4 bxa4 17. bxa4 Qb4 18. Nc4 Rab8 19. Qc2 Qb3 20. Qe2 Rfc8 21. Rb1 Qxa4 22. Nf5 Bf8 23. f4 Bxf5 24. exf5 exf4 25. gxf4 Nc5 26. Ra1 Qd7 27. Ne5 Qb5 28. Ra2 Na4 29. Bxd4 Bc5 30. Qf2 Bxd4 31. Qxd4 Nc3 32. Qxa7 Nxa2 33. Qxf7+ Kh7 34. Qg6+ Kg8 35. Qf7+ Kh7 36. Qg6+ Kg8 1/2-1/2

[Event "Oberliga Ost-B 2223"]
[Site "Germany"]
[Date "2022.11.27"]
[Round "5.2"]
[White "Baum, Bernd"]
[Black "Mueller, Magnus"]
[Result "1/2-1/2"]
[WhiteElo "2279"]
[BlackElo "2057"]
[PlyCount "53"]
[EventDate "2022.09.18"]
[EventType "team-tourn"]
[EventRounds "11"]
[EventCountry "GER"]
[SourceTitle "EXT 2025"]
[Source "ChessBase"]
[SourceDate "2024.10.14"]
[SourceVersion "1"]
[SourceVersionDate "2024.10.14"]
[SourceQuality "1"]
[WhiteTeam "Marburg"]
[BlackTeam "Stadtilm Blau Weiss"]
[WhiteTeamCountry "GER"]
[BlackTeamCountry "GER"]

1. c4 e5 2. g3 Nf6 3. Bg2 c6 4. d4 Bb4+ 5. Bd2 Bxd2+ 6. Qxd2 d6 7. dxe5 dxe5 8. Qxd8+ Kxd8 9. Nf3 Re8 10. Nc3 Kc7 11. 0-0 Bg4 12. Rfd1 Nbd7 13. h3 Bxf3 14. Bxf3 Nc5 15. b4 Ne6 16. e3 Rad8 17. h4 h5 18. Kf1 g6 19. Ke1 Nd4 20. exd4 exd4+ 21. Ne2 d3 22. Kf1 dxe2+ 23. Bxe2 Ne4 24. c5 Rd2 25. Rxd2 Nxd2+ 26. Ke1 Nf3+ 27. Kf1 1/2-1/2

[Event "Hessenliga 1921"]
[Site "Hessen"]
[Date "2020.01.26"]
[Round "5.2"]
[White "Baum, Bernd"]
[Black "Rutkowski, Ingo"]
[Result "1-0"]
[WhiteElo "2209"]
[BlackElo "2157"]
[PlyCount "107"]
[EventDate "2019.09.22"]
[EventType "team-tourn"]
[EventRounds "9"]
[EventCountry "GER"]
[SourceTitle "EXT 2024"]
[Source "ChessBase"]
[SourceDate "2023.10.10"]
[SourceVersion "1"]
[SourceVersionDate "2023.10.10"]
[SourceQuality "1"]
[WhiteTeam "Fulda"]
[BlackTeam "Frankfurt TV"]
[WhiteTeamCountry "GER"]
[BlackTeamCountry "GER"]

1. c4 e6 2. g3 d5 3. Nf3 Nf6 4. Bg2 c5 5. 0-0 Nc6 6. cxd5 exd5 7. d4 Be7 8. dxc5 Bxc5 9. a3 Ne4 10. b4 Bb6 11. Bb2 0-0 12. Nbd2 Re8 13. Nb3 Bg4 14. Nbd4 Qf6 15. Ra2 Qh6 16. Nxc6 bxc6 17. Bd4 Bh3 18. Qc1 Qh5 19. Rc2 Bd7 20. Qb2 Bxd4 21. Nxd4 Rac8 22. Qc1 Qg6 23. Qf4 a5 24. Rfc1 axb4 25. axb4 h6 26. Ra2 Ra8 27. Rxa8 Rxa8 28. Qc7 Qf6 29. Bxe4 Qxd4 30. Qxd7 Qxe4 31. Qxc6 Ra2 32. b5 Rxe2 33. b6 Re1+ 34. Rxe1 Qxe1+ 35. Kg2 Qe4+ 36. Kf1 Qb1+ 37. Ke2 Qe4+ 38. Kf1 Qb1+ 39. Ke2 Qe4+ 40. Kd2 Qd4+ 41. Kc1 Qa1+ 42. Kc2 Qa2+ 43. Kc3 d4+ 44. Kxd4 Qxf2+ 45. Kd5 Qd2+ 46. Kc5 Qg5+ 47. Qd5 Qc1+ 48. Kd6 Qe3 49. Kc7 Qc3+ 50. Kd7 Qb4 51. b7 Qb6 52. Kc8 Qa6 53. Kc7 Qa7 54. Qb5 1-0

[Event "Baden Wuerttemberg-ch Seniors 65+ op"]
[Site "Freudenstadt"]
[Date "2019.07.13"]
[Round "9"]
[White "Kierzek, Matthias"]
[Black "Baum, Bernd"]
[Result "1/2-1/2"]
[WhiteElo "2180"]
[BlackElo "2177"]
[PlyCount "44"]
[EventDate "2019.07.05"]
[EventType "swiss"]
[EventRounds "9"]
[EventCountry "GER"]
[SourceTitle "EXT 2020"]
[Source "ChessBase"]
[SourceDate "2019.10.17"]
[SourceVersion "1"]
[SourceVersionDate "2019.10.17"]
[SourceQuality "1"]

1. d4 e6 2. c4 d5 3. Nf3 a6 4. Bg5 Be7 5. Bxe7 Qxe7 6. e3 Nf6 7. Nc3 0-0 8. Qb3 c6 9. Rc1 Nbd7 10. cxd5 exd5 11. Be2 Ne8 12. 0-0 Nd6 13. Na4 Nf6 14. Nc5 Bg4 15. Rfe1 Nfe4 16. Ne5 Bxe2 17. Rxe2 Nxc5 18. Rxc5 Rae8 19. Qd3 Ne4 20. Rc1 Rc8 21. Nf3 Rfe8 22. Rec2 Qd6 1/2-1/2

[Event "Bad Wiessee Senioren Cup 8th"]
[Site "Bad Wiessee"]
[Date "2019.05.11"]
[Round "1"]
[White "Baum, Bernd"]
[Black "Mehlhorn, Dieter"]
[Result "1-0"]
[WhiteElo "2183"]
[BlackElo "1834"]
[PlyCount "67"]
[EventDate "2019.05.11"]
[EventType "swiss"]
[EventRounds "9"]
[EventCountry "GER"]
[SourceTitle "EXT 2020"]
[Source "ChessBase"]
[SourceDate "2019.10.17"]
[SourceVersion "1"]
[SourceVersionDate "2019.10.17"]
[SourceQuality "1"]

1. Nf3 Nf6 2. g3 d5 3. Bg2 e6 4. c4 c6 5. b3 Be7 6. 0-0 0-0 7. Bb2 Nbd7 8. Qc2 Re8 9. d3 Qc7 10. Nbd2 b6 11. Rac1 Bb7 12. e4 dxe4 13. dxe4 e5 14. Nh4 Rad8 15. Nf5 Bf8 16. Rcd1 g6 17. Ne3 Bg7 18. b4 Nf8 19. Nb3 N8d7 20. c5 Bf8 21. Rd2 Be7 22. Rfd1 b5 23. Bc3 Nf8 24. Qb2 Rxd2 25. Rxd2 N6d7 26. Nc1 Bf6 27. Nd3 Bg7 28. f4 exf4 29. gxf4 Bxc3 30. Qxc3 Qd8 31. Ne5 Qe7 32. Nxd7 Nxd7 33. Ng4 Rd8 34. Nh6+ 1-0

[Event "GER-ch Seniors 65 31st"]
[Site "Radebeul"]
[Date "2019.05.02"]
[Round "7"]
[White "Baum, Bernd"]
[Black "Westphal, Norbert"]
[Result "1/2-1/2"]
[WhiteElo "2183"]
[BlackElo "2048"]
[PlyCount "103"]
[EventDate "2019.04.26"]
[EventType "swiss"]
[EventRounds "9"]
[EventCountry "GER"]
[SourceTitle "CBM 190 Extra"]
[Source "ChessBase"]
[SourceDate "2019.07.15"]
[SourceVersion "1"]
[SourceVersionDate "2019.07.15"]
[SourceQuality "1"]

1. c4 Nf6 2. g3 e6 3. Bg2 d5 4. Nf3 c5 5. 0-0 Nc6 6. b3 d4 7. e3 e5 8. exd4 exd4 9. Re1+ Be7 10. d3 0-0 11. Na3 h6 12. Nc2 Bg4 13. a3 Qd7 14. Rb1 a5 15. Qd2 Bd6 16. b4 axb4 17. axb4 Ra2 18. bxc5 Bxc5 19. Ne5 Nxe5 20. Rxe5 b6 21. Rb2 Raa8 22. Bxa8 Rxa8 23. f4 Bf3 24. Ne1 Bb7 25. Ra2 Ng4 26. Re2 Qc6 27. Ng2 Ne3 28. Rxa8+ Bxa8 29. Qa2 Nxg2 30. Rxg2 Qxg2+ 31. Qxg2 Bxg2 32. Kxg2 f5 33. Kf3 h5 34. Ke2 Kf7 35. Kd1 Ke6 36. Kc2 Kd7 37. Kb3 Kc6 38. Ka4 Be7 39. h4 Bf6 40. Ba3 g6 41. Bf8 Bh8 42. Kb4 Bf6 43. c5 bxc5+ 44. Kc4 Bd8 45. Bxc5 Ba5 46. Kxd4 Be1 47. Be7 Kd7 48. Bg5 Ke6 49. Kc5 Bxg3 50. Kc6 Bf2 51. Kc7 Bd4 52. Kc6 1/2-1/2

[Event "Marianske Lazne op 50+"]
[Site "Marianske Lazne"]
[Date "2019.01.26"]
[Round "9"]
[White "Bartos, Jan"]
[Black "Baum, Bernd"]
[Result "1-0"]
[WhiteElo "2178"]
[BlackElo "2204"]
[PlyCount "75"]
[EventDate "2019.01.19"]
[EventType "swiss"]
[EventRounds "9"]
[EventCountry "CZE"]
[SourceTitle "CBM 188 Extra"]
[Source "ChessBase"]
[SourceDate "2019.02.28"]
[SourceVersion "1"]
[SourceVersionDate "2019.02.28"]
[SourceQuality "1"]

1. d4 d5 2. c4 e6 3. Nc3 Nf6 4. Bg5 c6 5. e3 Nbd7 6. Nf3 h6 7. Bh4 g5 8. Bg3 Nh5 9. Be2 Nxg3 10. fxg3 Bg7 11. 0-0 0-0 12. Qc2 Qe7 13. Rad1 b6 14. e4 dxc4 15. Bxc4 e5 16. Ne2 Bb7 17. Kh1 Rac8 18. dxe5 Nxe5 19. Nxe5 Bxe5 20. Nd4 Bxd4 21. Rxd4 b5 22. Qd2 Rc7 23. Bb3 c5 24. Rd6 Bxe4 25. Rxh6 c4 26. Bc2 Kg7 27. Rh5 f6 28. Re1 Qf7 29. g4 Bg6 30. Bxg6 Qxg6 31. Qd6 Rff7 32. Qd8 Qxh5 33. gxh5 Rcd7 34. Qa8 Rd2 35. h3 Rxb2 36. Qe4 c3 37. Qg6+ Kf8 38. Qh6+ 1-0

[Event "Marianske Lazne op 50+"]
[Site "Marianske Lazne"]
[Date "2019.01.25"]
[Round "8"]
[White "Baum, Bernd"]
[Black "Paldus, Petr"]
[Result "1/2-1/2"]
[WhiteElo "2204"]
[BlackElo "2037"]
[PlyCount "42"]
[EventDate "2019.01.19"]
[EventType "swiss"]
[EventRounds "9"]
[EventCountry "CZE"]
[SourceTitle "CBM 188 Extra"]
[Source "ChessBase"]
[SourceDate "2019.02.28"]
[SourceVersion "1"]
[SourceVersionDate "2019.02.28"]
[SourceQuality "1"]

1. Nf3 d5 2. g3 c5 3. Bg2 Nc6 4. d4 Nf6 5. 0-0 e6 6. c4 dxc4 7. dxc5 Qxd1 8. Rxd1 Bxc5 9. Nbd2 Bd7 10. Nxc4 Ke7 11. Bf4 Nd5 12. Bg5+ f6 13. Bd2 Rac8 14. Rac1 Bb4 15. e4 Bxd2 16. Rxd2 Nb6 17. Nxb6 axb6 18. Rcd1 Rhd8 19. Bf1 Be8 20. Nd4 Nxd4 21. Rxd4 e5 1/2-1/2

[Event "Marianske Lazne op 50+"]
[Site "Marianske Lazne"]
[Date "2019.01.19"]
[Round "1"]
[White "Chudek, Lubomir"]
[Black "Baum, Bernd"]
[Result "0-1"]
[WhiteElo "1768"]
[BlackElo "2204"]
[PlyCount "100"]
[EventDate "2019.01.19"]
[EventType "swiss"]
[EventRounds "9"]
[EventCountry "CZE"]
[SourceTitle "CBM 188 Extra"]
[Source "ChessBase"]
[SourceDate "2019.02.28"]
[SourceVersion "1"]
[SourceVersionDate "2019.02.28"]
[SourceQuality "1"]

1. e4 c5 2. Nf3 Nc6 3. d4 cxd4 4. Nxd4 g6 5. Nc3 Bg7 6. Be3 Nf6 7. f3 0-0 8. Qd2 d5 9. Nxc6 bxc6 10. 0-0-0 Be6 11. exd5 cxd5 12. Bd4 Qb8 13. g4 Rd8 14. Qe3 Qc7 15. h4 h5 16. gxh5 Nxh5 17. Bxg7 Kxg7 18. Nb5 Qf4 19. Qxf4 Nxf4 20. Rd4 Nh5 21. Nc7 Rab8 22. Nxe6+ fxe6 23. Ra4 Rb7 24. Bh3 Kf6 25. Re1 Rd6 26. Re3 Rdb6 27. Rb3 Rxb3 28. axb3 Ng7 29. Kd2 e5 30. Bc8 Rc7 31. Bg4 e6 32. c4 d4 33. Kd3 Nf5 34. h5 gxh5 35. Bxh5 Ne3 36. f4 exf4 37. Kxd4 Nf5+ 38. Kc3 Kg5 39. Bf3 Kh4 40. Ra6 Kg3 41. Be2 Re7 42. Ra5 f3 43. Bd3 f2 44. Ra1 Kf3 45. c5 Ng3 46. b4 e5 47. b5 e4 48. Bc4 Kg2 49. b6 axb6 50. cxb6 Rb7 0-1